Culture Générale - Série 2429 - Statistiques

Statistiques générales
  • Ce quiz a été pris 155 fois
  • Le résultat moyen est 6 sur 10
Statistiques - réponses
Question Réponse % Correct
Dans quelle ville l'archiduc François-Ferdinand d'Autriche a-t-il été assassiné le 28 juin 1914 ? Sarajevo
88%
Avec quel pays la Chine partage t'elle la plus longue frontière terrestre ? Mongolie
85%
Dans quel sport John Mc Enroe s'est-il illustré ? tennis
80%
Qui a écrit et chanté en1993 "Foule sentimentale" ? prénom et nom Alain Souchon
78%
Quelle est l'unité de la résistance électrique ? ohm
68%
A quel Président de la République française le général De Gaulle a-t-il succédé en 1959 ? prénom et nom René Coty
54%
Quel écrivain a créé le personnage d'Arsène Lupin ? prénom et nom Maurice Leblanc
48%
Quel est le plus long fleuve d'Inde ? Indus
30%
Comment s'appelle le circuit dévolu aux courses de lévriers ? voir photo cynodrome
28%
Quel est le nom du détroit qui sépare la péninsule italienne de l'île de Sicile ? détroit de Messine
18%
Aucun quiz correspondant
Distribution des résultats
% des personnes avec chaque résultat
Percentile par nombre de réponses
Votre historique - résultats
Vous n’avez pas pris ce quiz